Reconciliation(s) : transitional justice in postconflict societies / (Record no. 8756)

MARC details
000 -LEADER
fixed length control field 01523nam a22001457a 4500
005 - DATE AND TIME OF LATEST TRANSACTION
control field 20220222110603.0
008 - FIXED-LENGTH DATA ELEMENTS--GENERAL INFORMATION
fixed length control field 220222b ||||| |||| 00| 0 eng d
245 ## - TITLE STATEMENT
Title Reconciliation(s) : transitional justice in postconflict societies /
Statement of responsibility, etc. edited by Joanna R. Quinn.
260 ## - PUBLICATION, DISTRIBUTION, ETC.
Place of publication, distribution, etc. London :
Name of publisher, distributor, etc. McGill-Queen's University Press,
Date of publication, distribution, etc. 2009.
300 ## - PHYSICAL DESCRIPTION
Extent viii, 313 p. :
Dimensions 23 cm.
500 ## - GENERAL NOTE
General note Includes index.
505 ## - FORMATTED CONTENTS NOTE
Formatted contents note Contents : Introduction -- Part one : Reconciliation in theory : Forgiveness as righteousness -- Towards the healing of history : an exploration of the relationship between pardon and peace -- A dialectic of acknowledgment -- Part two : Reconciliation in practice : evaluating instruments and initiatives : Transitional justice in Morocco : lifting the veil on a hidden face -- Traditional justice and legal pluralism in transitional context : the case of Rwanda's Gacaca Courts -- Truth and the challenge of reconciliation in Guatemala -- Contact and culture : Mechanisms of reconciliation in schools in Northern Ireland and Israel -- What of reconciliation? traditional mechanisms of acknowledgment in Uganda -- A survey of reconciliation processes in Bosnia and Herzegovina : the gap between people and politics -- Tensions between human rights and politics of reconciliation : a South African case study -- Interethnic reconciliation in Lebanon : after the civil war -- Beyond coexisience : towards a working definition of reconciliation.<br/><br/><br/><br/><br/><br/><br/><br/><br/>
700 ## - ADDED ENTRY--PERSONAL NAME
Personal name Quinn, Joanna R.
942 ## - ADDED ENTRY ELEMENTS (KOHA)
Source of classification or shelving scheme Library of Congress Classification
Koha item type Books

No items available.

If you have any concerns or questions; kindly contact the library


© Powered by WIUC ICT DIRECTORATE